Economic census, Jammu and Kashmir (Record no. 490283)

000 -LEADER
fixed length control field 00471cam a22001097a 4500
008 - FIXED-LENGTH DATA ELEMENTS--GENERAL INFORMATION
fixed length control field 180718b-- xxu||||| |||| 00| 0 eng d
082 ## - DEWEY DECIMAL CLASSIFICATION NUMBER
Classification number T19065x5431 E
245 ## - TITLE STATEMENT
Title Economic census, Jammu and Kashmir
Statement of responsibility, etc. by Planning and Development Department. Directorate of Evaluation and Statistics
260 ## - PUBLICATION, DISTRIBUTION, ETC.
Place of publication, distribution, etc. Srinagar
Name of publisher, distributor, etc. The author
Date of publication, distribution, etc. --
500 ## - GENERAL NOTE
General note Library has 1980 (provisional)
700 ## - ADDED ENTRY--PERSONAL NAME
Personal name Jammu and Kashmir. Planning and Development Department. Directorate of Evaluation and Statistics
Holdings
Withdrawn status Lost status Damaged status Not for loan Permanent Location Current Location Date acquired Full call number Barcode Date last seen Price effective from Koha item type
        Indian Institute of Public Administration Indian Institute of Public Administration 2018-08-04 T19065x5431 E GG19652 2018-08-04 2018-08-04 GG

Powered by Koha